ARRUPE JESUIT UNIVERSITY

CORONAVIRUS -STOP THE SPREAD - CLEAN,DISINFECT,COVER

Life of Sir John Franklin and the North-west Passage. (Record no. 124053)

MARC details
000 -LEADER
fixed length control field 00982cam a2200277 4500
001 - CONTROL NUMBER
control field 2683438
003 - CONTROL NUMBER IDENTIFIER
control field ARRUPE
005 - DATE AND TIME OF LATEST TRANSACTION
control field 20160127114827.0
008 - FIXED-LENGTH DATA ELEMENTS--GENERAL INFORMATION
fixed length control field 780218s1891 enkabch 000 0 eng
010 ## - LIBRARY OF CONGRESS CONTROL NUMBER
LC control number 26004746
035 ## - SYSTEM CONTROL NUMBER
System control number (OCoLC)ocm03649012
035 ## - SYSTEM CONTROL NUMBER
System control number (NNC)2683438
040 ## - CATALOGING SOURCE
Original cataloging agency DLC
Transcribing agency TLM
Modifying agency SER
-- ZCU
050 0# - LIBRARY OF CONGRESS CALL NUMBER
Classification number G660
Item number .M3 1891
099 ## - LOCAL FREE-TEXT CALL NUMBER (OCLC)
Classification number 998
-- F8544
300 ## - PHYSICAL DESCRIPTION
Other physical details front. (port.)
Dimensions 19 cm.
100 1# - MAIN ENTRY--PERSONAL NAME
Personal name Markham, Albert Hastings,
Titles and other words associated with a name Sir,
Dates associated with a name 1841-1918.
9 (RLIN) 21847
245 10 - TITLE STATEMENT
Title Life of Sir John Franklin and the North-west Passage.
Statement of responsibility, etc By Captain Albert Hastings Markham ...
260 ## - PUBLICATION, DISTRIBUTION, ETC. (IMPRINT)
Place of publication, distribution, etc London [etc.]
Name of publisher, distributor, etc G. Philip & Sons,
Date of publication, distribution, etc 1891.
300 ## - PHYSICAL DESCRIPTION
Extent xii, 324 p. incl. illus., pl., ports., maps (part fold.) facsim.
490 1# - SERIES STATEMENT
Series statement The world's great explorers and explorations.
Volume number/sequential designation [5]
600 10 - SUBJECT ADDED ENTRY--PERSONAL NAME
Personal name Franklin, John,
Dates associated with a name 1786-1847.
9 (RLIN) 21848
651 #0 - SUBJECT ADDED ENTRY--GEOGRAPHIC NAME
Geographic name Northwest Passage.
9 (RLIN) 21849
830 #0 - SERIES ADDED ENTRY--UNIFORM TITLE
Uniform title World's great explorers and explorations ;
Volume number/sequential designation no. 5.
9 (RLIN) 21850
942 ## - ADDED ENTRY ELEMENTS (KOHA)
Source of classification or shelving scheme Library of Congress Classification
Koha item type SPC
Holdings
Withdrawn status Lost status Source of classification or shelving scheme Damaged status Not for loan Collection code Home library Current library Shelving location Date acquired Total Checkouts Full call number Barcode Date last seen Price effective from Koha item type
    Library of Congress Classification     SPECIAL Collection ARRUPE LIBRARY ARRUPE LIBRARY Reference 27/01/2016   SPC G660 .M3 1891 46500006140 27/01/2016 27/01/2016 SPC

 

Arrupe Library. PO Box MP320 Mt Pleasant, Harare, Zimbabwe
263 242 745411|librarian@aju.ac.zw